000
00249nam a2200109Ia 4500
008
221009s9999 xx 000 0 und d
082
_a
900/DUR
100
_a
Durant. will
_9
21871
245
4
_a
THE Case for india
260
_b
wave books
942
_c
BK
999
_c
64975
_d
64975